Szczegóły MARC21

Sytuacja społeczno-zawodowa bezrobotnych w powiatach województwa zachodniopomorskiego w 2009 roku : raport pobadawczy /

003 -Nazwa inst., której nr kontr. jest w polu 001 [,]
    • @
    • Nazwa instytucji, której n kontrolny jest w polu 001
    • NUKAT
005 -DATA I CZAS OSTATNIEJ MODYFIKACJI [,]
    • @
    • pole kontrolne
    • 20250710211527.0
040 -Instytucja sporządzająca opis [ , ]
    • a
    • Instytucja, która sporządziła opis (NP)
    • SZCZ U/MC
    • c
    • Instytucja, która sporządziła rekord (NP)
    • SZCZ U/MC
    • d
    • Instytucja, która zmodyfikowała rekord (P)
    • SZCZ U/AP
942 -Rodzaj dokumentu [ , ]
    • c
    • Rodzaj dokumentu
    • Książka
245 -Strefa tytułu i oznaczenia odpowiedzialności [0,0]
    • a
    • Tytuł
    • Sytuacja społeczno-zawodowa bezrobotnych w powiatach województwa zachodniopomorskiego w 2009 roku : Find
    • b
    • Ciąg dalszy tytułu (NP)
    • raport pobadawczy / Find
    • c
    • Pozostałe elementy strefy tytułu i oznaczenia odpowiedzialności (NP)
    • Wojewódzki Urząd Pracy w Szczecinie.
260 -Strefa adresu wydawniczego [ , ]
    • a
    • Miejsce wydania (P)
    • Szczecin :
    • b
    • Nazwa wydawcy (P)
    • Wojewódzki Urząd Pracy w Szczecinie,
    • c
    • Data wydania (P)
    • 2009.
300 -Strefa opisu fizycznego [ , ]
    • a
    • Określenie formy książki i/lub objętość (NP)
    • 68 s. :
    • b
    • Oznaczenie ilustracji (NP)
    • il. ;
    • c
    • Format (NP)
    • 24 cm.
336 -Typ zawartości [ , ]
    • a
    • Termin opisujący typ zawartości
    • Tekst
    • b
    • Kod określający zawartość
    • txt
    • 2
    • Źródło (terminu i kodu)
    • rdacontent
337 -Typ mediów [ , ]
    • a
    • Tryb odtwarzania
    • Bez urządzenia pośredniczącego
    • b
    • Kod typu mediów
    • n
    • 2
    • Źródło (terminu i kodu)
    • rdamedia
338 -Typ/rodzaj nośnika [ , ]
    • a
    • Hasło opisujące typ nośnika
    • Wolumin
    • b
    • Kod typu nośnika
    • nc
    • 2
    • Źródło (terminu i kodu)
    • rdacarrier
536 -Uwaga dot. finansowania książki [ , ]
    • a
    • Tekst uwagi
    • Publikacja sfinansowana ze środków projektu "Regionalny Barometr Rynku Pracy i Edukacji"
080 -Uniwersalna Klasyfikacja Dziesiętna [ , ]
    • 2
    • Identyfikator wydania tablic
    • UDC-P058
    • 9
    • UKD
    • 3052
    • a
    • Symbol klasyfikacji
    • 331.5
    • b
    • Dopowiedzenie
    • Rynek pracy. Zatrudnienie. Pełne zatrudnienie. Brak sił roboczych. Ruchliwość sił roboczych. Obcokrajowe siły robocze. Zatrudnienie cudzoziemców. Gastarbeiterzy. Praca za granicą. Rehabilitacja zawodowa.
    • 4
    • UKD2
    • 18448
    • x
    • Poddział wspólny
    • (438-16)
    • c
    • Dopowiedzenie poddz. wspólnego
    • (Polska północno-zachodnia).
080 -Uniwersalna Klasyfikacja Dziesiętna [ , ]
    • 2
    • Identyfikator wydania tablic
    • UDC-P058
    • 9
    • UKD
    • 2790
    • a
    • Symbol klasyfikacji
    • 316.344-057.19
    • b
    • Dopowiedzenie
    • Bezrobotni.
    • 4
    • UKD2
    • 18448
    • x
    • Poddział wspólny
    • (438-16)
    • c
    • Dopowiedzenie poddz. wspólnego
    • (Polska północno-zachodnia).
080 -Uniwersalna Klasyfikacja Dziesiętna [ , ]
    • 2
    • Identyfikator wydania tablic
    • UDC-P058
    • 9
    • UKD
    • 13096
    • a
    • Symbol klasyfikacji
    • 308(438)
    • b
    • Dopowiedzenie
    • Sytuacja społeczna w Polsce.
    • 4
    • UKD2
    • 18448
    • x
    • Poddział wspólny
    • (438-16)
    • c
    • Dopowiedzenie poddz. wspólnego
    • (Polska północno-zachodnia).
980 -Symbol UKD [ , ]
    • a
    • UKD
    • 331.5:316.344-057.19](438-16):308(438-16)
710 -Hasło dodatkowe - nazwa ciała zbiorowego [1, ]
    • a
    • Nazwa ciała zbiorowego lub nazwa geograficzna jako pierwszy element (NP)
    • Województwo Zachodniopomorskie (Polska).
    • b
    • Nazwa jednostki podrzędnej (P)
    • Wojewódzki Urząd Pracy (Szczecin).
    • 4
    • Kod relacji
    • pbl
    • 9
    • KHW
    • 93102
Status udost. Numer inwentarzowy Sygnatura Lokalizacja Data inwentaryzacji
-2T.18635T.18635T2014-12-30
-2TM.12055TM.12055T2014-12-30
-3TM.12056TM.12056T2014-12-30